Normal view
MARC view
Entry Nombre corporativo
001 - NÚMERO DE CONTROL
- campo de control: 2222
003 - IDENTIFICADOR DE NÚMERO DE CONTROL
- campo de control: OSt
005 - FECHA Y HORA DE LA ÚLTIMA TRANSACCIÓN
- campo de control: 20221005154927.0
008 - ELEMENTOS DE DATO DE LONGITUD-FIJA
- campo de control de longitud fija: 221005|| aca||aabn | a|a d
040 ## - FUENTE DE CATALOGACIÓN
- Centro catalogador/agencia de origen: OSt
- Centro/agencia transcriptor: OSt
110 ## - ENCABEZAMIENTO-NOMBRE DE ENTIDAD CORPORATIVA
- Nombre de entidad corporativa o nombre de jurisdicción como elemento de entrada: COMUNIDADES EUROPEAS.
- Unidad subordinada: Consejo
- Unidad subordinada: Reglamento por el que se establece un instrumento financiero de cohesión
- Fecha del congreso o de la firma del tratado: 1993
670 ## - FUENTE DE DATOS ENCONTRADOS
- Cita de la fuente: Work cat.: (OSt)1189: COMUNIDADES EUROPEAS. Consejo Reglamento por el que se establece un instrumento financiero de cohesión 1993, Reglamento CEE nº 792/93 del Consejo de 30 de marzo de 1993 por el que se establece un instrumento financiero de cohesión /, 1993